Organizational behavior : (Record no. 75834)
[ view plain ]
| 000 -LEADER | |
|---|---|
| fixed length control field | 00865nam a22002652a 4500 |
| 001 - CONTROL NUMBER | |
| control field | 75834 |
| 003 - CONTROL NUMBER IDENTIFIER | |
| rucl marc code | BD-RjUL |
| 005 - DATE AND TIME OF LATEST TRANSACTION | |
| control field | 20211209082743.0 |
| 008 - FIXED-LENGTH DATA ELEMENTS--GENERAL INFORMATION | |
| fixed length control field | 190722s1960 nyu 000 0 eng d |
| 035 ## - SYSTEM CONTROL NUMBER | |
| System control number | OCLC ocm00679492 from D950927M |
| System control number | (BD-RjUL)76053 |
| 040 ## - CATALOGING SOURCE | |
| Original cataloging agency | CSU |
| Transcribing agency | CSU |
| Modifying agency | UKM |
| -- | EQO |
| -- | BD-RjUL |
| Language of cataloging | eng |
| 041 ## - LANGUAGE CODE | |
| Language code of text/sound track or separate title | eng |
| 082 ## - DEWEY DECIMAL CLASSIFICATION NUMBER | |
| Classification number | 658.3 |
| Author mark and year | GRO |
| 100 1# - MAIN ENTRY--PERSONAL NAME | |
| Personal name | Grimshaw, Austin. |
| 9 (RLIN) | 232454 |
| 245 10 - TITLE STATEMENT | |
| Title | Organizational behavior : |
| Remainder of title | cases and readings / |
| Statement of responsibility, etc. | [by] Austin Grimshaw [and] John W. Hennessey, Jr |
| 260 ## - PUBLICATION, DISTRIBUTION, ETC. (IMPRINT) | |
| Place of publication, distribution, etc. | New York : |
| Name of publisher, distributor, etc. | McGraw-Hill, |
| Date of publication, distribution, etc. | 1960 |
| 300 ## - PHYSICAL DESCRIPTION | |
| Pagination | 505p.: |
| Illustrations | illus.; |
| Size | 24cm. |
| 490 1# - SERIES STATEMENT | |
| Series statement | McGraw-Hill series in management |
| 650 #0 - SUBJECT ADDED ENTRY--TOPICAL TERM | |
| Topical term or geographic name as entry element | Industrial management |
| General subdivision | Collections |
| 9 (RLIN) | 232455 |
| 700 1# - ADDED ENTRY--PERSONAL NAME | |
| Personal name | Hennessey, John William, |
| Dates associated with a name | 1925- |
| 830 #0 - SERIES ADDED ENTRY--UNIFORM TITLE | |
| Uniform title | McGraw-Hill series in management. |
| 942 ## - ADDED ENTRY ELEMENTS (KOHA) | |
| Source of classification or shelving scheme | Dewey Decimal Classification |
| Koha item type | Books |
| Lost status | Source of classification or shelving scheme | Damaged status | Not for loan | Collection code | Permanent Location | Current Location | Shelving location | Date acquired | Source of acquisition | Cost, normal purchase price | Total Checkouts | Full call number | Date last seen | Copy number | Koha item type |
|---|---|---|---|---|---|---|---|---|---|---|---|---|---|---|---|
| Dewey Decimal Classification | Not For Loan | Non-fiction | Central Library, University of Rajshahi | Central Library, University of Rajshahi | Reading Room | 30/10/1965 | Zeitlinger | 66.00 | 658.3 GRO 1960 | 22/07/2019 | C-1 | Books |